2001 NFL Standings - Statistics

General Stats
  • This quiz has been taken 23 times
  • The average score is 14 of 31
Answer Stats
Rank (seed) Record NFL Team % Correct
AFC East Champ (2) 11-5 New England Patriots
100%
AFC West Champ (3) 10-6 Oakland Raiders
92%
AFC Central Champ (1) 13-3 Pittsburgh Steelers
85%
AFC Wild Card (4) 11-5 Miami Dolphins
69%
NFC West Champ (1) 14-2 St. Louis Rams
69%
AFC Wild Card (5) 10-6 Baltimore Ravens
62%
NFC Central Champ (2) 13-3 Chicago Bears
62%
NFC East Champ (3) 11-5 Philadelphia Eagles
62%
AFC (9) Missed Playoffs 7-9 Cleveland Browns
54%
AFC (16) Missed Playoffs 3-13 Buffalo Bills
46%
AFC (11) Missed Playoffs 6-10 Indianapolis Colts
46%
AFC Wild Card (6) 10-6 New York Jets
46%
AFC (7) Missed Playoffs 9-7 Seattle Seahawks
46%
AFC (10) Missed Playoffs 7-9 Tennessee Titans
46%
AFC (8) Missed Playoffs 8-8 Denver Broncos
38%
AFC (13) Missed Playoffs 6-10 Jacksonville Jaguars
38%
AFC (15) Missed Playoffs 5-11 San Diego Chargers
38%
NFC (8) Missed Playoffs 7-9 Atlanta Falcons
31%
NFC (15) Missed Playoffs 1-15 Carolina Panthers
31%
NFC (12) Missed Playoffs 5-11 Dallas Cowboys
31%
NFC Wild Card (4) 12-4 Green Bay Packers
31%
AFC (12) Missed Playoffs 6-10 Kansas City Chiefs
31%
NFC (10) Missed Playoffs 7-9 New Orleans Saints
31%
NFC (9) Missed Playoffs 7-9 New York Giants
31%
NFC Wild Card (6) 9-7 Tampa Bay Buccaneers
31%
NFC (7) Missed Playoffs 8-8 Washington Redskins
31%
NFC (11) Missed Playoffs 7-9 Arizona Cardinals
23%
AFC (14) Missed Playoffs 6-10 Cincinnati Bengals
23%
NFC (14) Missed Playoffs 2-14 Detroit Lions
23%
NFC (13) Missed Playoffs 5-11 Minnesota Vikings
23%
NFC Wild Card (5) 12-4 San Francisco 49ers
23%
No matching quizzes found
Score Distribution
Percent of People with Each Score
Percentile by Number Answered
Your Score History
You have not taken this quiz